000
00302nam a22001337a 4500
008
181031b xxu||||| |||| 00| 0 eng d
020
_a
9781319127114
041
_a
eng
080
_2
11th
_a
573
100
_a
11
101
_a
BIO
245
_a
Life The Science of Biology
_c
Sadava,D
942
_2
udc
_c
BK
999
_c
51240
_d
51240